logo

Bir Sreshtho Munshi Abdur Rouf Library
Jhenaidah Cadet College

Modern American writer / (Record no. 9120)

MARC details
000 -LEADER
fixed length control field 00726cam a22002411 4500
001 - CONTROL NUMBER
JCCL Control Number 9120
003 - CONTROL NUMBER IDENTIFIER
JCCL marc code BD-JhCC
005 - DATE AND TIME OF LATEST TRANSACTION
control field 20231101115810.0
008 - FIXED-LENGTH DATA ELEMENTS--GENERAL INFORMATION
fixed length control field 770222s1961 nyua 000 0 eng
035 ## - SYSTEM CONTROL NUMBER
system control number (OCoLC)2755320
-- (BD-JhCC)9120
040 ## - CATALOGING SOURCE
Original cataloging agency DLC
Transcribing agency OClU
Modifying agency DLC
-- BD-JhCC
041 ## - LANGUAGE CODE
Language code of Book eng
050 00 - LIBRARY OF CONGRESS CALL NUMBER
Classification number PE1408
Item number .K66
082 ## - DEWEY DECIMAL CLASSIFICATION NUMBER
Classification number 808
Author mark and Year KIN 1961
100 1# - MAIN ENTRY--PERSONAL NAME
Personal name King, Roma A.
Fuller form of name (Roma Alvah),
Dates associated with a name 1914-
245 10 - TITLE STATEMENT
Title Modern American writer /
Statement of responsibility, etc Roma A. King, Jr. [and] Frederick R. McLeod.
260 ## - PUBLICATION, DISTRIBUTION, ETC. (IMPRINT)
Place of publication, distribution, etc New York,
Name of publisher, distributor, etc American Book Co.
Date of publication, distribution, etc [1961]
300 ## - PHYSICAL DESCRIPTION
Pagination 448 p.
Other physical details illus.
Dimensions 24 cm.
650 #0 - SUBJECT ADDED ENTRY--TOPICAL TERM
Topical term or geographic name as entry element English language
Geographic subdivision United States
General subdivision Rhetoric
700 1# - ADDED ENTRY--PERSONAL NAME
Personal name McLeod, Frederick R.,
942 ## - ADDED ENTRY ELEMENTS (KOHA)
Source of classification or shelving scheme Dewey Decimal Classification
Koha item type Books
Holdings
Source of classification or shelving scheme Damaged status Not for loan Home library Current library Shelving location Total Checkouts Full call number Barcode Date last seen Copy number Koha item type Date of accession Method of acquisition Currency
Dewey Decimal Classification     JCC Rouf Library JCC Rouf Library General Stacks   808 KIN 1961 12179 03/08/2018 C - 1 Books      
Dewey Decimal Classification     JCC Rouf Library JCC Rouf Library General Stacks   808 KIN 1961 12177 11/01/2023 C-2 Books   Purchase USD

JCC Library | Contacts | JCC Home

Last Update on 23 September 2017
Copyright @ 2017-2020 JCC Rouf Library
Rouf Library, Jhenidah Cadet College (JCC), Bangladesh